La Ciutat sostenible = La Ciudad sostenible = The Sustainable city / Salvador Rueda ... [et al.]
Descripción Física:
125 p. : il. ; 24 cm
Otros Autores:
Rueda, Salvador
Materias:
Ecologia urbana (Biologia)
MARC
| LEADER | 00000nam a2200000Ia 4500 | ||
|---|---|---|---|
| 001 | 11992 | ||
| 008 | 160829s1998 xx 000 0 cat d | ||
| 080 | |a C-1-266 | ||
| 245 | |a La Ciutat sostenible = La Ciudad sostenible = The Sustainable city / Salvador Rueda ... [et al.] | ||
| 260 | |a Barcelona : |b Centre de Cultura Contemporània de Barcelona : |b Institut d'Edicions, |c 1998 | ||
| 300 | |a 125 p. : |b il. ; |c 24 cm | ||
| 590 | |a Catàleg de l'exposició produïda pel Centre de Cultura Contemporània de Barcelona on es va presentar entre l'1 d'abril i el 13 de setembre de 1998.vbcrlfTextos en català, castellà i anglès | ||
| 650 | 0 | |a Ecologia urbana (Biologia) |9 53749 | |
| 700 | |a Rueda, Salvador |9 46020 | ||
| 710 | 2 | |a Centre de Cultura Contemporània de Barcelona |9 52510 | |
| 710 | |a Barcelona (Catalunya : Província). |b Institut d'Edicions |9 53854 | ||
| 901 | |a Arxiu | ||
| 942 | |n 1 |2 udc | ||
| 952 | |0 0 |1 0 |4 0 |6 C1266 |7 1 |9 46661 |a Arxiu |b Arxiu |d 2016-12-01 |l 0 |o C-1-266 |p 11992 |r 2016-12-01 00:00:00 |w 2016-12-01 |y ARXIU | ||
| 999 | |c 50454 |d 50454 | ||